Statistics for Nearest US State Capitals to Each US State Capital

Click here to take the quiz!

General Stats

  • This quiz has been taken 405 times
  • The average score is 25 of 50

Answer Stats

Capital Nearest Capital % Correct
AnnapolisDover
78%
BismarckPierre
76%
AustinOklahoma City
75%
BostonProvidence
75%
AugustaConcord
72%
BoiseHelena
71%
Carson CitySacramento
71%
Baton RougeJackson
70%
AtlantaMontgomery
67%
HonoluluSacramento
66%
CheyenneDenver
65%
AlbanyHartford
64%
JuneauOlympia
63%
DoverAnnapolis
61%
DenverCheyenne
60%
HartfordProvidence
59%
ConcordBoston
58%
HelenaBoise
58%
ColumbiaRaleigh
58%
JacksonBaton Rouge
54%
OlympiaSalem
53%
FrankfortNashville
53%
CharlestonColumbus
51%
ProvidenceBoston
49%
LansingColumbus
48%
MontpelierConcord
47%
ColumbusCharleston
46%
PhoenixSanta Fe
45%
LincolnTopeka
45%
SalemOlympia
45%
Des MoinesLincoln
44%
PierreBismarck
44%
IndianapolisFrankfort
44%
SacramentoCarson City
43%
MontgomeryAtlanta
42%
NashvilleFrankfort
42%
MadisonSt Paul
40%
Oklahoma CityTopeka
39%
Jefferson CitySpringfield
37%
HarrisburgAnnapolis
37%
RaleighRichmond
33%
Little RockJackson
30%
TallahasseeMontgomery
30%
RichmondAnnapolis
29%
St PaulMadison
27%
Salt Lake CityBoise
26%
TrentonDover
26%
TopekaLincoln
25%
Santa FeDenver
24%
SpringfieldJefferson City
20%

Score Distribution

Percentile by Number Answered

Percent of People with Each Score

Your Score History

You have not taken this quiz